Radiohead - Pablo Honey Songs - Statistics

General Stats
  • This quiz has been taken 14 times
  • The average score is 10 of 12
Answer Stats
Length Song % Correct
3:56 Creep
100%
4:40 Blow Out
88%
2:12 How Do You?
88%
5:26 Stop Whispering
88%
3:29 You
88%
3:38 Anyone Can Play Guitar
75%
4:13 I Can't
75%
3:08 Lurgee
75%
3:10 Ripcord
75%
3:13 Vegetable
75%
2:25 Prove Yourself
63%
2:41 Thinking About You
63%
No matching quizzes found
Score Distribution
Percent of People with Each Score
Percentile by Number Answered
Your Score History
You have not taken this quiz